000 00581nam a2200193Ia 4500
003 GCL
008 140319s9999 xx 000 0 ara d
020 _a7195291977
040 _aGCL /
_cGCL
082 0 4 _a813.03
_bم م
100 1 _aمحمد جبريل
245 1 0 _aالمينا الشرقية :
_bرواية /
_cمحمد جبريل
250 _aالاولى
260 _aالقاهرة :
_bمركز الحضارة العربية ،
_c2000
300 _a134 ص ؛
_c20 سم
650 0 4 _aالادب العربى
650 0 4 _aالقصص العربية
942 _2ddc
_cBK
999 _c9548
_d9548